00614 a2200181 4500010001400000020002300014035001300037037001500050082001400065245010800079250001100187260004200198270010400240300002800344500001900372700002000391700002100411 aENG-86989 a8175346161c250.00 aEN-70522 bDBAD / PUB14a344.540321 aLaw of domestic violence :cedited by Indira Jaising [and] Monica Sakhraniba user's manual for women / a2nd ed aDelhibUniversal Law Publishingc2007 aC-FF-1A, Dilkhush Industrial Estate, (Opp. Hans Cinema, Azadpur), G.T. Karnal Road,bDelhie110 033 aliv, 452p.c21cm (pbk) aIncludes index a Indira Jaising aSakhrani, Monica